| 000 | 00626nam a2200205 a 4500 | ||
|---|---|---|---|
| 005 | 20240924065453.0 | ||
| 008 | 991125s1970 mx 000 0 spa u | ||
| 035 | _aUPN01000035975 | ||
| 049 | _aCG | ||
| 050 | 4 |
_aLB775.6 B4.32 _bA4.5 1970 |
|
| 100 | 1 |
_aAlvarez Barret, Luis, _d1901-1981 |
|
| 245 | 1 | 3 |
_aEl maestro Beauregard / _cLuis A. Barret. |
| 250 | _a3a ed. | ||
| 260 |
_aMéxico : _bVarazén, _c1970. |
||
| 300 |
_a121 p. : _bfoto |
||
| 440 | 0 | _aClásicos y modernos de la educación en México | |
| 600 | 1 | 4 |
_aBEAUREGARD Y ZAMEZA, LUIS A., _d1872-1918 _93446 |
| 650 | 2 |
_aEDUCADORES - _zMEXICO _914198 |
|
| 905 | _aLibro | ||
| 999 |
_c35975 _d35975 |
||